zpět

Detail výsledku týmu

Pivovarský Dvůr PO, Liberec

Datum a čas kvízu

17.5 Celkem bodů Celkový počet nahraných bodů na tomto kvízu bez doplňovacích otázek.
7. Pořadí na kvízu Konečné umístění týmu na tomto kvízu.

Zaznamenané odpovědi

# Otázka Odpověď Body Výsledky
1. Ve čtvrtek se v pražské Sněmov... dalajláma (Tändzin Gjamccho) 0
2. Pár přísně chráněných živočich... B) užovky 0
3. Přehlídkou filmových hvězd na... Aňa Geislerová 0
4. Minulý týden jsme se dozvěděli... za Sandru Bullock 0
5. V sobotu odstartoval v Lille 1... Pavel Bittner 0
6. V tomto tématu se budeme zabýv... Pilsner Urquell 0
7. V reklamách společnosti Tipspo... stačí jen začít 0
8. Pro kterou firmu vyrábějící tu... Fruko-Schulz 0
9. Pro kterou módní značku se Raf... Tommy Hilfiger 1
10. Ne vždy sportovci produktům, n... Coca-Cola 1